000 00753cam a2200205 4500
001 X105124
008 000000n2000 000 0 eng u
035 _a(Sirsi) u105124
245 _aR v Greenwich LBC
260 _c2000
490 _aNew Property Cases
_v[2000] 29 NPC 1-3(3)
520 _aCA 19 March 2000. On the facts of this case Greenwich had no discretion not to pay the grants requested for the renovation of property under the Local Government and Housing Act 1989 (now repealed). Headnote from journal - No photocopying.
650 _aR V GREENWICH LBC
650 _aLOCAL GOVERNMENT AND HOUSING ACT 1989
650 _aLOCAL AUTHORITIES
650 _aRENOVATION
650 _aGRANTS
690 _aHOUSING-CASE LAW
942 _n0
999 _c63042
_d63042